000 00354nam a2200145Ia 4500
003 LK-CoDNM
008 010623t1896 xxu||||| |||| 00| 1 eng d
040 _aLK-CoDNM
_dLK-CoDNM
_eLK-CoDNM
041 _aeng
080 _a14 D 5.1
245 _aThe Ceylon Review
260 _bColombo
_aApothecaries
_aColombo
_c1896
300 _b136p., 23 cm
942 _cBK
999 _c84266
_d84266